000 00691nam a2200205Ia 4500
001 8922
003 GE_BSU
008 181216s||||||||xx |||||||||||||| ||und||
040 _cGE_BSU
080 _a821.353.1-1
100 _aკლდიაშვილი,გურამ
245 _aვედრება. ლექსები
245 _cრედ. შ.კაპანაძე,მხატვ. ვ.ხიდეშელი
260 _aთბილისი
260 _bსაბჭოთა საქართველო
260 _c1989
300 _a247გვ.პორტრეტი, 21სმ.
653 _aვედრება. ლექსები
942 _cBK
999 _c42227
_d42227